Churubusco-Huitzilopochco /

Uloženo v:
Podrobná bibliografie
Hlavní autor: Mena, Ramón (autor)
Další autoři: Rangel, Nicolás (autor) (autor)
Médium: Kniha
Jazyk:španělština
Edice:(Monografías Mexicanas de Historia ; 1)
Témata:
Tagy: Přidat tag
Žádné tagy, Buďte první, kdo vytvoří štítek k tomuto záznamu!

MARC

LEADER 00000nam^a2200000^a^4500
001 000372104
005 20250521000000.0
009 20260310115949.137
037 |a Acervo ITESO - Biblioteca 
041 |a ESP 
082 |a 720. 972532  |b MEN 
100 |a Mena, Ramón  |e (autor) 
245 1 0 |a Churubusco-Huitzilopochco /  |c R. Mena, N. Rangel. 
264 |a México :  |b UNAM, Departamento Universitario y de Bellas Artes,  |c 1921 
300 |a 71 p., 89 láminas 
336 |a texto  |b txt  |2 rdacontenido 
337 |a sin mediación  |b n  |2 rdamedio 
338 |a volumen  |b nc  |2 rdasoporte 
440 1 |a (Monografías Mexicanas de Historia ;  |v 1) 
649 |a XX 
650 |a Museos Históricos -  |z México (D.F.) 
650 |a Arquitectura Religiosa -  |z México -  |x Historia y Crítica -  |x Tema Principal 
650 |a Arquitectura Virreinal -  |z México -  |x Historia y Crítica -  |x Tema Principal 
650 |a Arquitectura Mexicana 
650 |a Arte Religioso 
650 |a Arte Virreinal -  |z México 
650 |a Arte Mexicano 
650 |a México -  |x Historia -  |y Epoca Colonial, 1517-1821 
700 |a Rangel, Nicolás  |e (autor) 
910 |a Fondo Salvador Reynoso Reynoso 
920 |a Impresos - Libros 
930 |a Fondos Especiales 
905 |a 112 
901 |a 0800011716  |b IT2  |c ESP  |u 20250521 
901 |a 0800012967  |b IT2  |c ESP  |u 20250521 
902 |a https://opac.biblio.iteso.mx/vufind/Record/000372104